State department documents - FIND

Detalles Bibliográficos
Formato: Electrónico Periódico
Lenguaje:inglés
Publicado: Greenbelt, Maryland : Federal Information & News Dispatch
Materias:
Acceso en línea:Full text available from Research Library: 09/25/2005 to present

MARC

LEADER 00000nas a2200000 i 4500
001 ssj0001078038
003 WaSeSS
005 20200512172242.0
006 m d
007 cr n
008 140107c20uu9999mdud| n|s|||||| |0eng d
035 |a (WaSeSS)ssj0001078038 
040 |a WaSeSS  |b eng  |c WaSeSS  |d WaSeSS 
050 1 4 |a JA1 
245 0 0 |a State department documents - FIND  |h [electronic resource]. 
246 1 |a State department documents - Federal Information & News Dispatch 
260 |a Greenbelt, Maryland :  |b Federal Information & News Dispatch 
310 |a Daily 
506 |a License restrictions may limit access. 
588 |a Description based on: September 25, 2005; title from article pdf (ProQuest, viewed Jan. 7, 2014). 
588 |a Latest issue consulted: January 5, 2014 (viewed Jan. 7, 2014). 
650 0 |a Public administration  |v Newspapers. 
655 0 |a Electronic journals. 
856 4 0 |z Full text available from Research Library: 09/25/2005 to present  |u https://search.proquest.com/publication/28413